[Event "35th Atlantic Open"]
[Site "Washington DC USA"]
[Date "2004.08.28"]
[Round "4"]
[White "Gilruth,P"]
[Black "Schneider,Ig"]
[Result "1-0"]
[WhiteElo "2209"]
[BlackElo "2266"]

1.Nf3 d5 2.d4 e6 3.c4 c6 4.e3 Nf6 5.Nc3 Nbd7 6.Bd3 dxc4 7.Bxc4 b5 8.Bd3 Bb7
9.Qe2 b4 10.Na4 c5 11.O-O cxd4 12.exd4 Bd6 13.Nc5 Nxc5 14.dxc5 Bxc5 15.Bb5+ Ke7
16.Bg5 Qb6 17.Ne5 Rhd8 18.Qh5 Qxb5 19.Qxf7+ Kd6 20.Bf4 Bd4 21.Rfd1 Kd5 22.Nf3 Ke4
23.Bg3 e5 24.Re1+ Kf5 25.Nh4+  1-0

[Event "WGM"]
[Site "Krk CRO"]
[Date "2004.08.29"]
[Round "4"]
[White "Nill,J"]
[Black "Rozic,V"]
[Result "1-0"]
[WhiteElo "2247"]
[BlackElo "2187"]

1.d4 d5 2.c4 e6 3.Nf3 Nf6 4.Nc3 c6 5.e3 Nbd7 6.Qc2 Bd6 7.Bd3 Qe7 8.O-O e5
9.cxd5 cxd5 10.e4 dxe4 11.Nxe4 Nxe4 12.Bxe4 h6 13.Re1 O-O 14.dxe5 Nxe5 15.Nxe5 Bxe5
16.Bf4 f6 17.Bxe5 fxe5 18.Re2 Kh8 19.Rae1 Bg4 20.f3 Be6 21.Qc3 Bf5 22.Bxf5 Rxf5
23.Rxe5 Rxe5 24.Qxe5 Qd7 25.h3 Rc8 26.Kh2 a6 27.Re4 Rc2 28.Rd4 Qc7 29.Qxc7 Rxc7
30.h4 Rc2 31.Rb4 b5 32.Kh3 h5 33.g4 hxg4+ 34.fxg4 Kg8 35.Kg3 Re2 36.Kf4 Kf7
37.Kf5 Rf2+ 38.Kg5 Rc2 39.Kf5 Rf2+ 40.Ke5 Re2+ 41.Kd5 Rc2 42.Kd4 Ke6 43.Kd3 Rh2
44.h5 Rg2 45.Ke3 Ke5 46.Kf3 Rd2 47.Re4+ Kf6 48.Re2 Rd4 49.Rc2 a5 50.Rc6+ Kf7
51.Rc5 Rb4 52.b3 a4 53.bxa4 Rxa4 54.Rxb5 Rxa2 55.Kf4 Ra6 56.g5 Ra1 57.Rb7+ Kf8
58.Kf5 Ra6 59.Rd7 Rb6 60.Rd5 Ra6 61.Re5 Kf7 62.Rb5 Rc6 63.Ra5 Rb6 64.Rc5 Ra6
65.g6+ Kf8 66.Rc8+ Ke7 67.Rc7+ Kf8 68.Rc8+ Ke7 69.h6 Ra5+ 70.Ke4 Ra4+ 71.Kd3 Ra3+
72.Kc2 gxh6 73.g7  1-0

[Event "1st Autumn"]
[Site "Alushta UKR"]
[Date "2004.08.30"]
[Round "4"]
[White "Kuzubov,Y"]
[Black "Paramonov,D"]
[Result "1/2-1/2"]
[WhiteElo "2467"]
[BlackElo "2362"]

1.d4 d5 2.c4 c6 3.Nf3 Nf6 4.e3 e6 5.Nc3 Nbd7 6.Qc2 b6 7.cxd5 exd5 8.Bd3 Bb7
9.O-O Be7 10.b3 O-O 11.Bb2 Bd6 12.Rac1 Re8 13.Rfe1 Rc8 14.Qe2 Nf8 15.Ba6 Qd7
16.Bxb7 Qxb7 17.Rc2 Ng6 18.Rec1 Re6 19.Ng5 Ree8 20.Nf3 Re6 21.Qd3 h6 22.Qf5 Rce8
23.h4 Bb8 24.h5 Ne7 25.Qh3 Qd7 26.Ba3 Bd6 27.Bxd6 Rxd6 28.Qxd7 Nxd7 29.Ne2 Rc8
30.Nf4 g5 31.hxg6 fxg6 32.g4 c5 33.Nd3 Rdc6 34.Nfe5 Nxe5 35.Nxe5 R6c7 36.a4 Kg7
37.Rc3 Kf6 38.Nd3 c4 39.Nb2 Nc6 40.bxc4 Nb4 41.Ra1 dxc4 42.e4 Rd8 43.Rd1 Na2
44.Ra3 Nb4 45.Rc3  1/2-1/2

[Event "VI Sants Open"]
[Site "Barcelona ESP"]
[Date "2004.08.30"]
[Round "4"]
[White "Pogorelov,R"]
[Black "Korneev,O"]
[Result "1/2-1/2"]
[WhiteElo "2421"]
[BlackElo "2587"]

1.Nf3 d5 2.d4 Nf6 3.c4 e6 4.Nc3 c6 5.e3 Nbd7 6.Qc2 Bd6 7.Bd3 O-O 8.O-O dxc4
9.Bxc4 b5 10.Bd3 Bb7 11.a3 a6 12.b4 a5 13.Rb1 axb4 14.axb4 Qe7 15.e4 e5 16.dxe5 Nxe5
17.Nxe5 Bxe5 18.Ne2 Bc7 19.Ng3 Rfe8 20.f4 Ng4 21.Nf5 Qe6 22.Bb2 Ra2 23.h3 Nf6
24.Rf3 Bb6+ 25.Kh2 g6 26.Nh6+ Kf8 27.Qc3 Rxb2 28.Qxb2 Rd8 29.Qe2 Kg7 30.e5 Kxh6
31.f5 Qd5 32.exf6 Qd6+ 33.g3 c5 34.Qe3+ g5 35.h4 Qxf6 36.hxg5+ Qxg5 37.Rf4 Kg7
38.Qe5+ Kg8 39.Be2 Qh6+ 40.Rh4 Qc6 41.Rg4+ Kf8 42.Qg7+ Ke7 43.Qe5+ Kf8 44.Qg7+ Ke7
45.Qe5+  1/2-1/2

[Event "115th NY Masters"]
[Site "New York USA"]
[Date "2004.08.31"]
[Round "3"]
[White "Gustafsson,J"]
[Black "Stripunsky,A"]
[Result "1-0"]
[WhiteElo "2611"]
[BlackElo "2553"]

1.Nf3 d5 2.d4 c6 3.c4 Nf6 4.Nc3 e6 5.e3 Nbd7 6.Qc2 Bd6 7.b3 O-O 8.Bb2 Re8
9.Rd1 a6 10.Bd3 e5 11.cxd5 cxd5 12.dxe5 Nxe5 13.Nxe5 Bxe5 14.Ne2 Qa5+ 15.Qd2 Qxa2
16.Nd4 Bxd4 17.Bxd4 Qxd2+ 18.Kxd2 Ne4+ 19.Ke2 Bd7 20.f3 Nd6 21.Kf2 Bf5 22.Bc5 Rad8
23.Be2 Be6 24.g4 f6 25.Rd4 Nf7 26.b4 Rc8 27.f4 Nd8 28.Bf3 Nc6 29.Rd2 b6 30.Bxb6 Nxb4
31.Rb1 Nc6 32.Bxd5 Bxd5 33.Rxd5 Rb8 34.Rdd1 Rb7 35.Bc5 Rxb1 36.Rxb1 Rb8 37.Rc1 Kf7
38.Bd6 Rc8 39.e4 Ke6 40.Ba3 Na7 41.f5+ Kf7 42.Rxc8 Nxc8 43.Ke3 Ne7 44.Bd6 Nc6
45.Kd3 h5 46.gxh5 a5 47.Kc4 a4 48.Kb5 Nd4+ 49.Kxa4 Nf3 50.Bf4 Ne1 51.Kb5 Nd3
52.Bg3 Nc1 53.Kc4 Ne2 54.Bd6 Ng1 55.Kd3 Nh3 56.Ke3 Ng5 57.Bf4 Nh7 58.h4 Nf8
59.Kd4 Ke7 60.Kd5 Nd7 61.Bc7 Kf7 62.Kc6 Nf8 63.Bd6 Nh7 64.Kd7 Kg8 65.Ke8  1-0

[Event "1st Autumn"]
[Site "Alushta UKR"]
[Date "2004.09.02"]
[Round "8"]
[White "Annageldyev,O"]
[Black "Paramonov,D"]
[Result "1-0"]
[WhiteElo "2458"]
[BlackElo "2362"]

1.d4 d5 2.c4 c6 3.Nf3 Nf6 4.Nc3 e6 5.e3 Nbd7 6.Qc2 b6 7.Bd3 Bb7 8.O-O Be7
9.b3 O-O 10.Bb2 Bd6 11.Rad1 Re8 12.e4 dxe4 13.Nxe4 Nxe4 14.Bxe4 Nf6 15.c5 Bf8
16.Rfe1 Qc7 17.Re3 Rad8 18.Ng5 h6 19.Bh7+ Kh8 20.d5 cxd5 21.Be5 Qd7 22.Rh3 Ng4
23.Bg8 f5 24.Bxe6 Rxe6 25.Qxf5 Nf6 26.Nxe6 Re8 27.Rxh6+ Kg8 28.Rxf6 gxf6
29.Qg6+ Bg7 30.Nxg7  1-0

[Event "4th Botvinnik Mem"]
[Site "Satka RUS"]
[Date "2004.09.03"]
[Round "8"]
[White "Shestoperov,A"]
[Black "Klovans,J"]
[Result "1/2-1/2"]
[WhiteElo "2448"]
[BlackElo "2456"]

1.d4 Nf6 2.c4 e6 3.Nf3 d5 4.Nc3 c6 5.e3 Nbd7 6.Qc2 Bd6 7.b3 O-O 8.Be2 e5
9.cxd5 Nxd5 10.Nxd5 cxd5 11.dxe5 Nxe5 12.Bb2 Bb4+ 13.Kf1 Nxf3 14.Bxf3 Be6
15.Qd3 Be7 16.h4 Bf6 17.Bd4 Rc8 18.g3 Bxd4 19.Qxd4  1/2-1/2

[Event "4th Botvinnik Mem"]
[Site "Satka RUS"]
[Date "2004.09.03"]
[Round "8"]
[White "Doroshkievich,V"]
[Black "Shabanov,Y"]
[Result "1/2-1/2"]
[WhiteElo "2420"]
[BlackElo "2429"]

1.d4 d5 2.c4 c6 3.e3 Nf6 4.Nc3 e6 5.Nf3 Nbd7 6.Bd3 dxc4 7.Bxc4 b5 8.Be2 Bb7
9.O-O Be7 10.e4 b4 11.e5 bxc3 12.exf6 Bxf6 13.bxc3 O-O 14.Rb1 Qc8 15.Ng5 Rd8
16.Bd3 Nf8 17.Qh5 Bxg5 18.Bxg5 f6 19.Be3 c5 20.Qxc5 Qxc5 21.dxc5 Bxg2 22.Bxh7+ Kxh7
23.Kxg2 Rd7 24.Rfd1 Rc7  1/2-1/2

[Event "Open"]
[Site "Pune IND"]
[Date "2004.09.04"]
[Round "2"]
[White "Saravanan,V"]
[Black "Barua,D"]
[Result "0-1"]
[WhiteElo "2364"]
[BlackElo "2532"]

1.Nf3 d5 2.d4 c6 3.c4 e6 4.e3 Nf6 5.Nc3 Nbd7 6.Qc2 Bd6 7.Bd3 O-O 8.O-O Qe7
9.c5 Bc7 10.e4 dxe4 11.Nxe4 Nxe4 12.Bxe4 h6 13.Re1 Rd8 14.Bd2 Nf6 15.Bd3 Bd7
16.Rad1 Be8 17.Qc1 Nd5 18.Re4 f5 19.Rh4 Qf6 20.Bc4 Bf7 21.Re1 g5 22.Nxg5 hxg5
23.Bxg5 Qg7 24.Bh6 Qg6 25.Rh3 Re8 26.f4 Qf6 27.Qd2 Bg6 28.Qf2 b5 29.Bb3 Kf7
30.Bg5 Qg7 31.Bh6 Qg8 32.Bg5 Bd8 33.Bxd5 exd5 34.Rxe8 Qxe8 35.Re3 Qh8 36.Bxd8 Rxd8
37.Re5 Re8 38.Qe1 Rxe5 39.fxe5 Ke6 40.h3 f4 41.Qd2 Qh4 42.b4 Be4 43.Qf2 Qg3  0-1

[Event "TCh-SCG Men"]
[Site "Budva SCG"]
[Date "2004.09.08"]
[Round "1"]
[White "Kosic,D"]
[Black "Lazic,Mi"]
[Result "1/2-1/2"]
[WhiteElo "2519"]
[BlackElo "2471"]

1.d4 d5 2.c4 c6 3.e3 Nf6 4.Nc3 e6 5.Nf3 Nbd7 6.Bd3 Be7 7.O-O O-O 8.e4 dxe4
9.Nxe4 b6 10.Qc2 c5 11.dxc5 bxc5 12.Nxf6+ Nxf6 13.Bf4 Bb7 14.Ne5 Qb6 15.Rad1 Rad8
16.Rfe1 Rfe8 17.b3 g6 18.h3 Nh5 19.Bc1 Bf6 20.Bb2 Bg7  1/2-1/2

[Event "ch-Euro Seniors"]
[Site "Arvier ITA"]
[Date "2004.09.10"]
[Round "1"]
[White "Guglielmi,N"]
[Black "Asmundsson,I"]
[Result "0-1"]
[WhiteElo "1997"]
[BlackElo "2295"]

1.Nf3 d5 2.d4 Nf6 3.c4 c6 4.e3 e6 5.Nc3 Nbd7 6.Qc2 Bd6 7.e4 Nxe4 8.Nxe4 dxe4
9.Qxe4 Bb4+ 10.Bd2 Bxd2+ 11.Nxd2 c5 12.Nb3 cxd4 13.Qxd4 O-O 14.Rd1 e5 15.Qd2 Qh4
16.Be2 Nf6 17.O-O Bf5 18.Rfe1 Ng4 19.Bxg4 Bxg4 20.f3 Be6 21.Re4 Qf6 22.Qe2 Rac8
23.Nd2 Qd8 24.b3 f6 25.Nf1 Qa5 26.Kh1 Rfd8 27.Re1 Bf5 28.Re3 Rd4 29.Rd1 Rcd8
30.Rxd4 Rxd4 31.h3 Qd8 32.Kh2 Bg6 33.Rc3 Bd3 34.Qf2 Bxf1 35.Qxf1 Rd2 36.Qb1 Qd4
37.Rc1 Qf2 38.Rg1 Qxf3 39.a4 Qf4+ 40.Kh1 e4 41.Rf1 Qe5 42.b4 e3 43.Qe1 e2
44.Rf2 Rd1  0-1

[Event "ch-Euro Seniors"]
[Site "Arvier ITA"]
[Date "2004.09.10"]
[Round "1"]
[White "Stepak,Y"]
[Black "Eynard,V"]
[Result "1-0"]
[WhiteElo "2302"]
[BlackElo "1997"]

1.d4 d5 2.Nf3 Nf6 3.c4 e6 4.e3 c6 5.Nc3 Nbd7 6.Qc2 Be7 7.Bd3 dxc4 8.Bxc4 O-O
9.O-O b5 10.Bd3 Re8 11.e4 h6 12.e5 Nd5 13.Nxd5 cxd5 14.Bxb5 Bb7 15.Bd2 a5
16.Rfc1 Ba6 17.Bc6 Ra7 18.Qa4 Be2 19.Bxd7 Qxd7 20.Qxd7 Rxd7 21.Bxa5 Rb8 22.Bc3 Ra7
23.a3 Rba8 24.Ne1 Bg5 25.Rc2 Bb5 26.Bb4 Ba4 27.Rc5 Be7 28.Rc3 Bg5 29.Nf3 Kh7
30.h4 Bd8 31.g3 Rb7 32.Rac1 Bd7 33.R1c2 g5 34.hxg5 hxg5 35.g4 Kg6 36.Ne1 Bb6
37.Rd2 Bb5 38.Nc2 Ba4 39.b3 Bd7 40.a4 Bd8 41.Bd6 Ra6 42.Bc5 f6 43.exf6 Bxf6
44.Rd1 Bd8 45.Re3 Bc7 46.Ra1 Bf4 47.Rd3 Rb8 48.Kg2 Rh8 49.Rh1 Raa8 50.Rxh8 Rxh8
51.Rh3 Rb8 52.Nb4 Ra8 53.Nd3 Bc7 54.Be7 Re8 55.Ba3 e5 56.Nxe5+ Bxe5 57.dxe5 Bxg4
58.Re3 Be6 59.Bc5 Kf5 60.a5 Bd7 61.Bd4 Bb5 62.f3 Ke6 63.Rc3 Rf8 64.a6 Kd7
65.a7 Bc6 66.e6+  1-0

[Event "ch-Euro Seniors"]
[Site "Arvier ITA"]
[Date "2004.09.11"]
[Round "2"]
[White "Sorokina,T"]
[Black "Arkhangelsky,B"]
[Result "0-1"]
[WhiteElo "2154"]
[BlackElo "2376"]

1.Nf3 d5 2.d4 c6 3.e3 Nf6 4.c4 e6 5.Nc3 Nbd7 6.Bd3 dxc4 7.Bxc4 b5 8.Bd3 a6
9.O-O c5 10.b3 Bb7 11.Bb2 Bd6 12.Qe2 O-O 13.Rfd1 Qc7 14.h3 Rac8 15.Rac1 Qb6
16.Bb1 Rfd8 17.dxc5 Nxc5 18.b4 Ncd7 19.a3 Nf8 20.Ba2 Ng6 21.Rc2 Bb8 22.Rcd2 Rxd2
23.Rxd2 Qc7 24.Qd1 Bc6 25.Kf1 h6 26.Bb3 Ne7 27.Rc2 Qb7 28.Rd2 Bc7 29.Kg1 Nf5
30.Kf1 Bb6 31.Ke2 Qb8 32.Bc2 a5 33.Bxf5 exf5 34.Rd6 axb4 35.axb4 Bd8 36.Rd4 Bc7
37.Qb3 f4 38.Nd1 Re8 39.Rd3 Be4 40.Rd2 Bb6 41.Bxf6 gxf6 42.Qc3 Kg7 43.Kf1 Rc8
44.Qb3 Qc7 45.Ne1 fxe3 46.Nxe3 Qf4 47.Rd7 Bg6 48.Rb7 Bxe3 49.Qxe3 Qxb4 50.Kg1 Rc3
51.Qd2 Rb3 52.Qxb4 Rxb4 53.Nf3 Be4 54.Rb6 Bxf3 55.gxf3 Rb1+ 56.Kg2 b4 57.f4 Kg6
58.Kf3 b3 59.Rb5 f5 60.h4 b2 61.h5+ Kxh5 62.Rxf5+ Kh4 63.Rb5 f5 64.Rb6 h5
65.Rb3 Kh3 66.Rb8 h4 67.Rb3 Kh2  0-1

[Event "FSGM September"]
[Site "Budapest HUN"]
[Date "2004.09.12"]
[Round "9"]
[White "Seres,L"]
[Black "Bromberger,S"]
[Result "1-0"]
[WhiteElo "2448"]
[BlackElo "2440"]

1.d4 d5 2.c4 c6 3.Nf3 Nf6 4.Nc3 e6 5.e3 Nbd7 6.Bd3 dxc4 7.Bxc4 b5 8.Bd3 a6
9.e4 c5 10.d5 Qc7 11.O-O Bb7 12.Bc2 Bd6 13.dxe6 fxe6 14.Ng5 Nf8 15.f4 h6
16.Nh3 O-O-O 17.Qe2 e5 18.f5 N8d7 19.Nf2 c4 20.Be3 Bc5 21.Rfc1 Bd4 22.a4 Qb6
23.Nfd1 Nc5 24.axb5 axb5 25.Bf2 Bxf2+ 26.Nxf2 Rd4 27.Kh1 Kb8 28.Qe3 Bxe4
29.Nfxe4 Nfxe4 30.Bxe4 Nxe4 31.Re1 Nxc3 32.bxc3  1-0

[Event "TCh-CRO w"]
[Site "Rabac CRO"]
[Date "2004.09.12"]
[Round "8"]
[White "Medic,Mir"]
[Black "Rezek,A"]
[Result "1-0"]
[WhiteElo "2222"]
[BlackElo "2049"]

1.d4 d5 2.c4 c6 3.Nf3 Nf6 4.Nc3 e6 5.e3 Be7 6.Qc2 a6 7.b3 b5 8.Be2 O-O 9.O-O b4
10.Na4 Ne4 11.Bb2 Nd7 12.Nd2 Nxd2 13.Qxd2 a5 14.Qc2 Nb6 15.Nxb6 Qxb6 16.a3 bxa3
17.Bxa3 Bb4 18.Bxb4 Qxb4 19.Ra4 Qb7 20.Rfa1 Rb8 21.R1a3 Re8 22.Rxa5 e5 23.cxd5 cxd5
24.dxe5 Rxe5 25.Rb5  1-0

[Event "TCh-SCG 2nd Liga"]
[Site "Sutomore SCG"]
[Date "2004.09.12"]
[Round "4"]
[White "Genov,Peta"]
[Black "Rmus,A"]
[Result "0-1"]
[WhiteElo "2485"]
[BlackElo "2310"]

1.d4 Nf6 2.c4 e6 3.Nf3 d5 4.Nc3 c6 5.e3 Nbd7 6.Qc2 Bd6 7.b3 Qe7 8.Be2 O-O
9.O-O Re8 10.Re1 b6 11.Bb2 Bb7 12.Rad1 Rac8 13.e4 dxe4 14.Nxe4 Nxe4 15.Qxe4 Bb4
16.Rf1 Nf6 17.Qh4 Ba3 18.Ba1 c5 19.Ne5 cxd4 20.Rxd4 Rcd8 21.Rf4 Nd7 22.Qg3 Nxe5
23.Bxe5 f5 24.Bh5 Rf8 25.h4 Bd6 26.Qe3 Be4 27.Ba1 Bc5 28.Qg3 e5 29.Rxe4 fxe4
30.Bg4 Rd3 31.Qxe5 Qxe5 32.Bxe5 Rd2 33.Bg3 e3  0-1

[Event "Tch-FIN 2004-5"]
[Site "Finland FIN"]
[Date "2004.09.18"]
[Round "1"]
[White "Salo,Ta"]
[Black "Rantanen,Y"]
[Result "1/2-1/2"]
[WhiteElo "2307"]
[BlackElo "2356"]

1.Nf3 d5 2.d4 Nf6 3.c4 c6 4.Nc3 e6 5.e3 Nbd7 6.Bd3 dxc4 7.Bxc4 b5 8.Bd3 Bb7
9.O-O b4 10.Ne4 Nxe4 11.Bxe4 Bd6 12.Qa4 O-O 13.Bd2 f5 14.Bd3 c5 15.Be2 Kh8
16.Rfd1 a5 17.Be1 Qe7 18.a3 e5 19.dxe5 Nxe5 20.axb4 axb4 21.Qc2 Be4 22.Qc1 Rxa1
23.Qxa1 Nxf3+ 24.Bxf3 Qe5 25.Qa6 Qxh2+ 26.Kf1 Be5 27.Qc4 Bxf3 28.gxf3 Bd4
29.Bxb4 Bxe3 30.fxe3 cxb4 31.Qxb4 Re8 32.Qd2 Qh5 33.Kg2 h6 34.Rh1 Qg5+ 35.Kf2 Rd8
36.Qc3 f4 37.exf4 Qxf4 38.Ke2 Re8+ 39.Kf2 Rd8 40.Ke2 Re8+ 41.Kf2 Re7 42.Rg1 Rc7
43.Qd3 Qf6 44.Qd2 Qb6+ 45.Kf1 Rc5 46.Rg4 Qc6 47.Qd8+ Kh7 48.Qd3+ g6 49.Rd4 Rc1+
50.Kg2 Qc2+ 51.Qxc2 Rxc2+  1/2-1/2

[Event "Tch-FIN 2004-5"]
[Site "Finland FIN"]
[Date "2004.09.19"]
[Round "2"]
[White "Penttinen,J"]
[Black "Topi Hulmi,T"]
[Result "1-0"]
[WhiteElo "2304"]
[BlackElo "2191"]

1.Nf3 d5 2.c4 c6 3.e3 Nf6 4.Nc3 e6 5.d4 Nbd7 6.Qc2 Bd6 7.g4 Bb4 8.Bd2 O-O
9.g5 Bxc3 10.Bxc3 Ne4 11.Bb4 Re8 12.Bd3 e5 13.cxd5 cxd5 14.Bxe4 dxe4 15.Qxe4 exd4
16.Qxd4 Nf8 17.Bxf8 Kxf8 18.Qxd8 Rxd8 19.Nd4 Bh3 20.Ke2 Rd5 21.f4 Re8 22.Kf2 Rc5
23.Rhc1 Rec8 24.Rxc5 Rxc5 25.Ke2 h6 26.gxh6 gxh6 27.Kf3 Ke7 28.e4 Bd7 29.h4 Bc6
30.Ke3 Bd7 31.Rg1 Rh5 32.Rh1 Rc5 33.f5 a5 34.Kf4 Rc4 35.Rd1 f6 36.Ke3 a4
37.a3 Rc8 38.Ne2 Rc2 39.Rd2 Rc8  1-0

[Event "Tch-FIN 2004-5"]
[Site "Finland FIN"]
[Date "2004.09.19"]
[Round "2"]
[White "Pihlajasalo,H"]
[Black "Koskinen,Hen"]
[Result "1/2-1/2"]
[WhiteElo "2210"]
[BlackElo "2260"]

1.d4 d5 2.c4 c6 3.e3 Nf6 4.Nc3 e6 5.Nf3 Nbd7 6.Qc2 Bd6 7.Bd3 O-O 8.O-O dxc4
9.Bxc4 a6 10.Rd1 b5 11.Be2 Qc7 12.Ne4 Nxe4 13.Qxe4 e5 14.Qh4 Re8 15.Bd3 h6
16.b3 Be7 17.Qg3 Bd6 18.Qh4  1/2-1/2

[Event "HUN-GER Match"]
[Site "Budapest HUN"]
[Date "2004.09.20"]
[Round "5"]
[White "Bischoff,K"]
[Black "Berkes,F"]
[Result "1-0"]
[WhiteElo "2559"]
[BlackElo "2614"]

1.c4 c6 2.d4 d5 3.e3 Nf6 4.Nc3 e6 5.Nf3 Nbd7 6.Qc2 Bd6 7.b3 O-O 8.Be2 dxc4
9.bxc4 e5 10.O-O Re8 11.Rd1 Qe7 12.Rb1 b6 13.a4 e4 14.Nd2 a5 15.Nf1 Ba6 16.Bd2 h5
17.Be1 Bb4 18.h3 Rac8 19.Rdc1 g6 20.Qd1 Qe6 21.Na2 c5 22.d5 Qd6 23.Bc3 Ne5
24.Nd2 Rcd8 25.Ba1 Bc8 26.Nc3 Bf5 27.Nb5 Qd7 28.Nf1 Kh7 29.Ng3 h4 30.Nxf5 Qxf5
31.Qc2 Rd7 32.Rf1 Kh6 33.Rbd1 Nh7 34.d6 Re6 35.Rd5 Nf6 36.Bg4 Nfxg4 37.hxg4  1-0

[Event "5th YM"]
[Site "Lausanne SUI"]
[Date "2004.09.20"]
[Round "3.2"]
[White "Papa,S"]
[Black "Kosteniuk,A"]
[Result "1-0"]
[WhiteElo "2397"]
[BlackElo "2511"]

1.d4 d5 2.c4 e6 3.Nc3 c6 4.e3 Nf6 5.Nf3 Nbd7 6.Qc2 Bd6 7.g4 h6 8.Bd2 Qe7
9.Rg1 e5 10.cxd5 Nxd5 11.Ne4 Bb4 12.a3 Bxd2+ 13.Qxd2 b6 14.Bc4 Bb7 15.dxe5 Nxe5
16.Nxe5 Qxe5 17.Bxd5 cxd5 18.Ng3 Rc8 19.f4 Qe6 20.Nf5 O-O 21.Qd4 f6 22.Qd3 Rf7
23.Nd4 Qe4 24.Qxe4 dxe4 25.Kd2 Rc5 26.Rac1 h5 27.h3 hxg4 28.hxg4 Bc8 29.g5 Rfc7
30.gxf6 Rxc1 31.Rxc1 Rxc1 32.Kxc1 gxf6 33.Nb5 Bd7 34.Nxa7 Kf7 35.Kc2  1-0

[Event "IMB Classic"]
[Site "Gausdal NOR"]
[Date "2004.09.23"]
[Round "1"]
[White "Glenne,BE"]
[Black "Leer Salvesen,B"]
[Result "0-1"]
[WhiteElo "2213"]
[BlackElo "2375"]

1.d4 e6 2.c4 d5 3.Nc3 c6 4.e3 Nf6 5.Nf3 Nbd7 6.Qc2 Bd6 7.g4 Bb4 8.Bd2 Qe7
9.Rg1 Bxc3 10.Bxc3 Ne4 11.O-O-O Nxc3 12.Qxc3 O-O 13.Bd3 dxc4 14.Bxc4 b5 15.Bd3 Bb7
16.Rg3 c5 17.Bxb5 cxd4 18.Qa3 Rac8+ 19.Kd2 Nc5 20.Ke1 dxe3 21.fxe3 Bxf3 22.Rxf3 Qh4+
23.Ke2 Ne4 24.h3 Ng3+ 25.Ke1 Rc2 26.e4 Nxe4+ 27.Kf1 Nd2+ 28.Rxd2 Rxd2 29.Qxa7 Rd1+
30.Kg2 Qe1 31.Bf1 Rd2+ 32.Kg1 Qe5 33.Rf2 Qxb2 34.Rxd2 Qxd2 35.a4 f5 36.gxf5 Rxf5
37.Qb8+ Rf8  0-1

[Event "GM Classic"]
[Site "Gausdal NOR"]
[Date "2004.09.23"]
[Round "1"]
[White "Tallaksen,G"]
[Black "Johannessen,LE"]
[Result "1/2-1/2"]
[WhiteElo "2350"]
[BlackElo "2538"]

1.d4 d5 2.c4 c6 3.Nc3 Nf6 4.e3 e6 5.Nf3 Nbd7 6.Bd3 dxc4 7.Bxc4 b5 8.Bd3 a6
9.e4 c5 10.e5 cxd4 11.Nxb5 Ng4 12.Nd6+ Bxd6 13.exd6 Qa5+ 14.Qd2 Qd5 15.Qg5 Qxg5
16.Bxg5 f6 17.Bd2 Nc5 18.Bc2 d3 19.Bb1 Bb7 20.Bb4 Rc8 21.O-O Kd7 22.Bxc5 Rxc5
23.Bxd3 h6  1/2-1/2

[Event "79th ch-ARG"]
[Site "Buenos Aires ARG"]
[Date "2004.09.25"]
[Round "2"]
[White "Bielicki,C"]
[Black "Savinell,F"]
[Result "1-0"]
[WhiteElo "2302"]
[BlackElo "2075"]

1.d4 d5 2.c4 c6 3.Nc3 Nf6 4.e3 e6 5.Nf3 Bd6 6.Be2 O-O 7.Qc2 Nbd7 8.O-O dxc4
9.Bxc4 e5 10.h3 Qe7 11.a3 exd4 12.exd4 Nb6 13.Ba2 h6 14.Re1 Qc7 15.Bxh6 Bf4
16.Bxf4 Qxf4 17.Ne5 Bf5 18.Qd1 Rad8 19.Ne2 Qg5 20.Qc1 Qxc1 21.Raxc1 Nfd5
22.Bb1 Bxb1 23.Rxb1 Nc7 24.Rbc1 Ne6 25.Nf3 Rd6 26.b3 Rfd8 27.Rc2 Nd5 28.g3 Ne7
29.Rd2 c5 30.Red1 Nf5 31.dxc5 Rxd2 32.Rxd2 Rxd2 33.Nxd2 Nxc5 34.Kg2 f6 35.Kf3 Kf7
36.g4 Nd6 37.h4 Nb5 38.a4 Nd6 39.Ke3 f5 40.f3 fxg4 41.fxg4 a5 42.Kd4 Ne6+
43.Ke5 Ke7 44.Ng3 g6 45.h5 gxh5 46.gxh5 b5 47.axb5 Nxb5 48.Nc4 Nc5 49.Nxa5 Nxb3
50.Nxb3 Nc7 51.Nd4 Ne8 52.Ne4 Kf8 53.Nf5 Nc7 54.Ng5 Kg8 55.h6 Kh8 56.Ne7 Ne8
57.Ng6+  1-0

[Event "IMB Classic"]
[Site "Gausdal NOR"]
[Date "2004.09.25"]
[Round "3"]
[White "Siebrecht,S"]
[Black "Pedersen,Stef"]
[Result "1/2-1/2"]
[WhiteElo "2340"]
[BlackElo "2441"]

1.c4 c6 2.d4 d5 3.Nc3 Nf6 4.e3 e6 5.Nf3 Nbd7 6.Qc2 b6 7.b3 Bb7 8.Bb2 Be7
9.Bd3 O-O 10.Rd1 Qc7 11.O-O Rad8 12.Ne5 dxc4  1/2-1/2

[Event "1st Central League"]
[Site "Vrnjacka Banja SCG"]
[Date "2004.09.25"]
[Round "1"]
[White "Tojagic,D"]
[Black "Lazic,Mi"]
[Result "0-1"]
[WhiteElo "2308"]
[BlackElo "2471"]

1.d4 d5 2.c4 c6 3.Nf3 Nf6 4.Nc3 e6 5.e3 Nbd7 6.Bd3 Bd6 7.O-O O-O 8.e4 dxc4
9.Bxc4 e5 10.h3 b5 11.dxe5 Nxe5 12.Nxe5 Bxe5 13.Bd3 Re8 14.Ne2 Bb7 15.a4 a6
16.Qc2 c5 17.axb5 axb5 18.Rxa8 Qxa8 19.Qxc5 Nxe4 20.Qb4 Bd6 21.Qxb5 Nc5 22.Qb6 Bf8
23.Bc4 Bxg2 24.Rd1 Bxh3 25.Bd5 Qa4 26.Nc3 Qg4+ 27.Kh1 Ne4  0-1

[Event "TCh-Vojvodina"]
[Site "Sombor SCG"]
[Date "2004.09.26"]
[Round "3"]
[White "Pezelj,N"]
[Black "Radonjanin,V"]
[Result "1-0"]
[WhiteElo "2279"]
[BlackElo "2297"]

1.c4 e6 2.d4 d5 3.Nc3 c6 4.e3 Nf6 5.Nf3 Nfd7 6.Bd3 dxc4 7.Bxc4 b5 8.Bd3 a6
9.a4 b4 10.Ne2 c5 11.O-O Bb7 12.b3 cxd4 13.Nfxd4 e5 14.Nc2 a5 15.Bb2 g6 16.Bb5 Qc7
17.Rc1 Bc5 18.Ne1 O-O 19.Nd3 Rd8 20.Nxc5 Nxc5 21.Qc2 Rc8 22.Rfd1 Be4 23.Qxe4  1-0

[Event "1st Central League"]
[Site "Vrnjacka Banja SCG"]
[Date "2004.09.26"]
[Round "2"]
[White "Abramovic,B"]
[Black "Muratovic,A"]
[Result "1-0"]
[WhiteElo "2466"]
[BlackElo "2376"]

1.d4 d5 2.c4 e6 3.Nf3 Nf6 4.Nc3 c6 5.e3 Nbd7 6.Bd3 Bd6 7.e4 dxe4 8.Nxe4 Nxe4
9.Bxe4 Nf6 10.Bc2 Bb4+ 11.Bd2 Bxd2+ 12.Qxd2 O-O 13.O-O b6 14.Qe3 Bb7 15.b4 Qc7
16.Ne5 Rfd8 17.Rad1 a5 18.a3 axb4 19.axb4 Nd7 20.Be4 Ra4 21.Qc3 Rda8 22.Rfe1 g6
23.h3 Nxe5 24.dxe5 c5 25.Bxb7 Qxb7 26.b5 Qe7 27.Rd6 Qh4 28.Rxb6 Qxc4 29.Qf3 Qd5
30.Qf6 c4 31.Re3 Rb4 32.Rf3 Rf8 33.Rd6 Qxb5 34.Rd8 Qb7 35.Rxf8+ Kxf8 36.Qh8+ Ke7
37.Qg8 Qxf3 38.gxf3 Rb5  1-0

[Event "Premier League"]
[Site "Belgrade SCG"]
[Date "2004.09.27"]
[Round "3"]
[White "Arsovic,G"]
[Black "Marcetic,N"]
[Result "0-1"]
[WhiteElo "2411"]
[BlackElo "2401"]

1.Nf3 d5 2.c4 c6 3.e3 Nf6 4.Nc3 e6 5.d4 Nbd7 6.Qc2 Bd6 7.b3 O-O 8.Be2 a6
9.Bb2 b5 10.O-O Bb7 11.Rad1 Rc8 12.c5 Bb8 13.Bd3 Re8 14.Ne2 e5 15.dxe5 Nxe5
16.Bf5 Nxf3+ 17.gxf3 Rc7 18.Kh1 Bc8 19.Rg1 g6 20.Bd3 Nh5 21.Qc3 f6 22.Qd4 Rf7
23.Qh4 Ng7 24.Nd4 Bd7 25.f4 Qc8 26.b4 Nf5 27.Bxf5 Bxf5 28.Rge1 Bg4 29.f3 Bd7
30.Qf2 Bc7 31.Rg1 Rg7 32.a3 a5 33.Nb3 a4 34.Nd4 Ree7 35.Nc2 Qf8 36.Rde1 Bd8
37.Nd4 Rgf7 38.Rg2 Qh6  0-1

[Event "79th ch-ARG"]
[Site "Buenos Aires ARG"]
[Date "2004.09.27"]
[Round "5"]
[White "Chapado,R"]
[Black "Ibar,M"]
[Result "1/2-1/2"]
[WhiteElo "2151"]
[BlackElo "2314"]

1.Nf3 d5 2.d4 Nf6 3.c4 c6 4.Nc3 e6 5.e3 Nbd7 6.Qc2 Bd6 7.b3 O-O 8.Be2 Re8
9.O-O b6 10.Bb2 Bb7 11.e4 e5 12.exd5 cxd5 13.dxe5 Nxe5 14.Nb5 Bb8  1/2-1/2

[Event "TCh-Vojvodina"]
[Site "Sombor SCG"]
[Date "2004.09.27"]
[Round "4"]
[White "Micic,C"]
[Black "Laketic,G"]
[Result "1/2-1/2"]
[WhiteElo "2404"]
[BlackElo "2403"]

1.Nf3 d5 2.d4 Nf6 3.c4 c6 4.Nc3 e6 5.e3 Nbd7 6.Bd3 Bb4 7.O-O O-O 8.Qc2 h6
9.Rd1 Qe7 10.e4 dxe4 11.Nxe4 Nxe4 12.Bxe4 Bd6 13.Re1 c5 14.b4 cxb4 15.c5 Bc7
16.Bb2 Qd8 17.Rad1  1/2-1/2

[Event "79th ch-ARG"]
[Site "Buenos Aires ARG"]
[Date "2004.09.28"]
[Round "6"]
[White "Reta,M"]
[Black "Cereijo,N"]
[Result "0-1"]
[WhiteElo "2188"]
[BlackElo "2121"]

1.Nf3 d5 2.c4 c6 3.e3 Nf6 4.Nc3 e6 5.d4 Nbd7 6.Qc2 Bd6 7.g4 Bb4 8.Bd3 Qe7
9.g5 dxc4 10.Bxc4 Nd5 11.Bd2 Bxc3 12.bxc3 b5 13.Be2 Bb7 14.e4 N5b6 15.Rb1 Rc8
16.Rg1 O-O 17.Rg3 c5 18.Bxb5 cxd4 19.Nxd4 Nc5 20.f3 Rfd8 21.Be3 a6 22.Be2 Nca4
23.Rb3 Qc7 24.Kf2 Nxc3 25.Qb2 Nba4 26.Qa3 g6 27.Rb4 e5 28.Rc4 exd4 29.Rxc7 dxe3+
30.Kxe3 Rxc7 31.Qb4 Nxe2 32.Kxe2 Bc6 33.Ke3 Bb5 34.Kf4 Nc3 35.Qa5 Rdc8 36.Rg2 Ne2+
37.Kg4 Rc5 38.Qd2 Rc2 39.Qd5 R2c5 40.Qd2 Nc3 41.h4 R5c7 42.h5 gxh5+ 43.Kxh5 Rd7
44.Qf4 Rd1 45.Rh2 Rf1 46.Qe3 Na4 47.Rd2 Rh1+ 48.Kg4 Rhc1 49.Rd6 R1c3 50.Qd4 Re8
51.Qf6 Rcc8 52.Kh5 Nc5 53.Kh6 Re6 54.Rxe6 Nxe6 55.Kh5 Rc2 56.f4 Rg2 57.Kh4 Be2
58.f5 Rg4+ 59.Kh3 Nxg5+ 60.Kh2 Nf3+ 61.Kh3 Ng5+ 62.Kh2 Bf1 63.e5 Nf3+  0-1

[Event "Monarch Assurance"]
[Site "Port Erin IOM"]
[Date "2004.09.28"]
[Round "4"]
[White "Dunn,An1"]
[Black "Jonkman,H"]
[Result "0-1"]
[WhiteElo "2192"]
[BlackElo "2425"]

1.c4 e6 2.Nc3 d5 3.d4 c6 4.e3 Nf6 5.Nf3 Nbd7 6.Bd3 dxc4 7.Bxc4 b5 8.Bd3 Bb7
9.O-O a6 10.e4 c5 11.d5 c4 12.Bc2 e5 13.Bg5 Bc5 14.Qd2 h6 15.Bh4 Bd6 16.Nd1 Nc5
17.Qe2 g5 18.Bg3 Qc7 19.Nd2 Ng8 20.Ne3 Ne7 21.a4 Rb8 22.axb5 axb5 23.f3 O-O
24.h4 Bc8 25.Rfd1 Bd7 26.Ndf1 Ng6 27.h5 Nf4 28.Bxf4 exf4 29.Nf5 Bxf5 30.exf5 Rfe8
31.Be4 Nb3 32.Ra2 Ra8 33.Rxa8 Rxa8 34.Bc2 Nd4 35.Qe4 Nxc2 36.Qxc2 Re8 37.Nh2 Qa7+
38.Kh1 f6 39.Ng4 Kg7 40.Qd2 Re7 41.Re1 Rxe1+ 42.Qxe1 Qf7 43.Qe6 Qxe6 44.dxe6 Bc5  0-1